<?xml version="1.0" encoding="UTF-8"?>
<record
    xmlns:xsi="http://www.w3.org/2001/XMLSchema-instance"
    xsi:schemaLocation="http://www.loc.gov/MARC21/slim http://www.loc.gov/standards/marcxml/schema/MARC21slim.xsd"
    xmlns="http://www.loc.gov/MARC21/slim">

  <leader>00637nam a2200193 i 4500</leader>
  <controlfield tag="001">36900</controlfield>
  <controlfield tag="003">ES-MaACL</controlfield>
  <controlfield tag="005">20250803064128.0</controlfield>
  <controlfield tag="007">t|</controlfield>
  <controlfield tag="008">030219s1963    sp f         |||| |bspa d</controlfield>
  <datafield tag="100" ind1="1" ind2=" ">
    <subfield code="a">Brown, Rica.</subfield>
    <subfield code="9">32022</subfield>
  </datafield>
  <datafield tag="245" ind1="1" ind2="0">
    <subfield code="a">B&#xE9;cquer, Gustavo Adolfo </subfield>
    <subfield code="b">: B&#xE9;cquer en dos tiempos / </subfield>
    <subfield code="c">Rica Brown ; pr&#xF3;logo de Vicente Aleixandre.</subfield>
  </datafield>
  <datafield tag="260" ind1=" " ind2=" ">
    <subfield code="a">Barcelona : </subfield>
    <subfield code="b">Aedos, </subfield>
    <subfield code="c">[1963]</subfield>
  </datafield>
  <datafield tag="300" ind1=" " ind2=" ">
    <subfield code="a">XVI, 414 p., 10 l&#xE1;m. ; </subfield>
    <subfield code="c">22 cm.</subfield>
  </datafield>
  <datafield tag="600" ind1="1" ind2="7">
    <subfield code="a">B&#xE9;cquer, Gustavo Adolfo,</subfield>
    <subfield code="d">1836-1870</subfield>
    <subfield code="2">embne</subfield>
    <subfield code="9">26974</subfield>
  </datafield>
  <datafield tag="700" ind1="1" ind2=" ">
    <subfield code="a">Aleixandre, Vicente,</subfield>
    <subfield code="d">1898-1984</subfield>
    <subfield code="9">19688</subfield>
  </datafield>
  <datafield tag="852" ind1=" " ind2=" ">
    <subfield code="a">ES-MaACL</subfield>
    <subfield code="j">C-24811</subfield>
  </datafield>
  <datafield tag="999" ind1=" " ind2=" ">
    <subfield code="c">36900</subfield>
    <subfield code="d">36900</subfield>
  </datafield>
  <datafield tag="952" ind1=" " ind2=" ">
    <subfield code="0">0</subfield>
    <subfield code="1">0</subfield>
    <subfield code="4">0</subfield>
    <subfield code="7">0</subfield>
    <subfield code="a">ATENEOM</subfield>
    <subfield code="b">ATENEOM</subfield>
    <subfield code="c">DEPO2</subfield>
    <subfield code="d">2008-01-17</subfield>
    <subfield code="e">SC</subfield>
    <subfield code="l">0</subfield>
    <subfield code="o">C-24811</subfield>
    <subfield code="p">1038806</subfield>
    <subfield code="r">2023-02-23 00:00:00</subfield>
    <subfield code="w">2023-02-23</subfield>
    <subfield code="y">MONOGRAFIA</subfield>
  </datafield>
</record>
